00508 2200193 4500001002100000005001700021008004100038035002600079245003200105100003200137250000600169260004500175300002300220020001800243082000800261084001000269650001700279990001800296INLIS00000000000166820191229220306.0191229| ||| | ind  a 0010-12190000000166800cDian Malini Oktovina, M.Si.0 aDian Malini Oktovina, M.Si. a9 aEsensi : JakartabEsensi : Jakartac2006 a70 hlm. ;c70 hlm. a979-781-414-90 a600 a615,8 0aRamuan 615.8 aB201506102674